ბათუმის შოთა რუსთაველის სახელმწიფო უნივერსიტეტის ბიბლიოთეკა

შავშეთსა და კლარჯეთში მოგზაურობის დღიურები / (ბიბ.ჩანაწერი № 42027)

000 -ლიდერი
ფიქსირებული სიგრძის საკონტროლო ველი 02665nam a2200337Ia 4500
001 - საკონტროლო ნომერი
საკონტროლო ველი 8717
003 - საკონტროლო ნომრის იდენტიფიკატორი
საკონტროლო ველი GE_BSU
005 - ბოლო ოპერაციის თარიღი და დრო
საკონტროლო ველი 20240603105158.0
008 - ფიქსირებული სიგრძის მონაცემთა ელემენტები - ზოგადი ინფორმაცია
ფიქსირებული სიგრძის საკონტროლო ველი 181216s2012||||ge |||||||||||||| ||geo||
020 ## - წიგნის საერთაშორისო სტანდარტული ნომერი
International Standard Book Number 9789941434112
040 ## - კატალოგიზაციის წყარო
Transcribing agency GE_BSU
041 ## - ენის კოდი
Language code of text/sound track or separate title geo
080 ## - უნივერსალური ათობითი კლასიფიკაციის ინდექსი
Universal Decimal Classification number 910.4(460) მ–31
100 ## - მთავარი ჩანაწერი - პიროვნების სახელი
Personal name მარი, ნიკო
9 (RLIN) 109
245 ## - ცნობა სათაურის შესახებ
Title შავშეთსა და კლარჯეთში მოგზაურობის დღიურები /
Statement of responsibility, etc ნიკო მარი ; რუსულიდან თარგმნა რევაზ დიასამიძემ ; გამოკვლევა, შენიშვნები დაურთო და საერთო რედაქცია გაუკეთა მამია ფაღავამ ; შოთა რუსთაველის სახელმწიფო უნივესიტეტი, ქართველოლოგიის ინსტიტუტი.
264 ## - წარმოების, გამოცემის, დისტრიბუციის და სხვა ცნობები
გამოცემის, წარმოების, დისტრიბუციის... ადგილი ბათუმი :
გამოცემის, წარმოების, დისტრიბუციის... სახელწოდება შოთა რუსთაველის სახ. უნ–ტი,
გამოცემის, წარმოების, დისტრიბუციის... თარიღი 2012.
300 ## - ფიზიკური აღწერა
Extent 483 გვ. ;
Dimensions 20 სმ.
490 ## - სერიის ცნობა
Series statement ისტორიული სამხრეთ საქართველოს ყოფა და კულტურა / ტომის რედაქტორი მალხაზ ჩოხარაძე
Volume number/sequential designation 1
500 ## - ზოგადი შენიშვნა
General note თავფურცლის მე-2 გვერდი რუსულ ენაზე
500 ## - ზოგადი შენიშვნა
General note ფოტოსურათები : გვ. 425-482
500 ## - ზოგადი შენიშვნა
General note შენიშვნები გვ. 424
504 ## - BIBLIOGRAPHY, ETC. NOTE
Bibliography, etc ბიბლიოგრაფია ტექსტის შენიშვნებში
653 ## - INDEX TERM--UNCONTROLLED
Uncontrolled term შავშეთსა და კლარჯეთში მოგზაურობის დღიურები
653 ## - INDEX TERM--UNCONTROLLED
Uncontrolled term შავშეთი (საქართველოს ისტორიულ-გეოგრაფიული მხარე თურქეთში) -- მოგზაურობის დღიური.
653 ## - INDEX TERM--UNCONTROLLED
Uncontrolled term კლარჯეთი (საქართველოს ისტორიულ-გეოგრაფიული მხარე თურქეთში) -- მოგზაურობის დღიური
700 ## - ADDED ENTRY--PERSONAL NAME
Personal name დიასამიძე, რევაზ
Relator term მთარგმნელი
9 (RLIN) 111
700 ## - ADDED ENTRY--PERSONAL NAME
Personal name ფაღავა, მამია
Relator term რედაქტორი
9 (RLIN) 22281
700 ## - ADDED ENTRY--PERSONAL NAME
Personal name ჩოხარაძე, მალხაზ
Relator term ტომის რედაქტორი
9 (RLIN) 22282
942 ## - ADDED ENTRY ELEMENTS (KOHA)
Koha item type წიგნი
Source of classification or shelving scheme
ეგზემპლარები
ჩამოწერის სტატუსი დაკარგული ეგზემპლარის სტატუსი კლასიფიკაციის წყარო ან თაროზე გაწყობის სქემა დაზიანების სტატუსი არ გაიცემა მუდმივი მდებარეობა (დაცვის ადგილი) ამჟამინდელი ადგილსამყოფელი თაროზე განთავსების ადგილი შეძენის თარიღი ღირებულება, შესყიდვის ნორმალური ფასი სრული შენახვის შიფრი შტრიხკოდი ბოლო ოპერაციის თარიღი ეგზემპლარის მიმდევრობითი ნომერი (კეტერი?) ფასის ძალაში შესვლის თარიღი ეგზემპლარის სახეობა საჯარო შენიშვნა
          ბათუმის შოთა რუსთაველის სახელმწიფო უნივერსიტეტის მთავარი ბიბლიოთეკა ბათუმის შოთა რუსთაველის სახელმწიფო უნივერსიტეტის მთავარი ბიბლიოთეკა წიგნსაცავი 2018-12-17 10.00 910.4(460) მ–31 26793 2018-12-17 26793 2018-12-17 წიგნი 10.00 ₾.
          ბათუმის შოთა რუსთაველის სახელმწიფო უნივერსიტეტის მთავარი ბიბლიოთეკა ბათუმის შოთა რუსთაველის სახელმწიფო უნივერსიტეტის მთავარი ბიბლიოთეკა წიგნსაცავი 2018-12-17 11.40 910.4(460) მ–31 46246 2018-12-17 46246 2018-12-17 წიგნი 11.40 ₾.
          ბათუმის შოთა რუსთაველის სახელმწიფო უნივერსიტეტის მთავარი ბიბლიოთეკა ბათუმის შოთა რუსთაველის სახელმწიფო უნივერსიტეტის მთავარი ბიბლიოთეკა წიგნსაცავი 2018-12-17 11.40 910.4(460) მ–31 46247 2018-12-17 46247 2018-12-17 წიგნი 11.40 ₾.
          ბათუმის შოთა რუსთაველის სახელმწიფო უნივერსიტეტის მთავარი ბიბლიოთეკა ბათუმის შოთა რუსთაველის სახელმწიფო უნივერსიტეტის მთავარი ბიბლიოთეკა წიგნსაცავი 2018-12-17 11.40 910.4(460) მ–31 46248 2018-12-17 46248 2018-12-17 წიგნი 11.40 ₾.
          ბათუმის შოთა რუსთაველის სახელმწიფო უნივერსიტეტის მთავარი ბიბლიოთეკა ბათუმის შოთა რუსთაველის სახელმწიფო უნივერსიტეტის მთავარი ბიბლიოთეკა წიგნსაცავი 2018-12-17 11.40 910.4(460) მ–31 46249 2018-12-17 46249 2018-12-17 წიგნი 11.40 ₾.